| 000 | 01014cam a22002775a 4500 | ||
|---|---|---|---|
| 001 | 16674815 | ||
| 005 | 20201128023714.0 | ||
| 008 | 110303r20152011enka frb 001 0 eng d | ||
| 020 | _a9780749463946 (pbk.) | ||
| 040 |
_aDLC _cDLC _dDLC _dEG-ScBUE _beng |
||
| 082 | 0 | 4 |
_a658.301 _222 _bARM |
| 100 | 1 |
_aArmstrong, Michael, _d1928- _923156 |
|
| 245 | 1 | 0 |
_aArmstrong's handbook of strategic human resource management / _cMichael Armstrong. |
| 246 | 3 | 0 | _aStrategic human resource management |
| 250 | _a5th ed., Reprint ed. | ||
| 260 |
_aLondon ; _aPhiladelphia ; _aNew Delhi : _bKogan Page, _c2015. |
||
| 300 |
_ax, 313 p. : _bill. ; _c24 cm. |
||
| 500 | _aRev. ed. of: Strategic human resource management : a guide to action / Michael Armstrong. 4th ed. 2008. | ||
| 500 | _aReprinted of the 2011 ed. | ||
| 504 | _aIncludes bibliographical references and indexes. | ||
| 650 | 7 |
_aPersonnel management. _2BUEsh _9994 |
|
| 651 | _2BUEsh | ||
| 653 |
_bBUSADM _cApril2016 |
||
| 655 |
_vText book _933728 |
||
| 942 | _2ddc | ||
| 999 |
_c21573 _d21545 |
||